000 nam a22 a 4500
999 _c192540
_d192540
003 BLK
005 20230301165357.0
008 180411b bul|||||r ||||||| ||bul||
010 _aKNG00201735000
040 _aBLK
041 _aBUL
_cBUL
080 _aАнглийска литература
_b821.111
_x-31
_z821.111-31
100 1 _aЧейс, Джеймс Хадли
_eпърви автор
_9369710
139 _aЧейс, Джеймс Хадли
_bЧ 49
245 1 0 _aЛешоядът е търпелива птица
_b[Роман]
_cДжеймс Хадли Чейс; прев. от англ. Иван Попов.
257 _aGBR
260 _aВарна
_bДизайн
_c1992
_fВ. Търново : Абагар
300 _a163 с.
_c20 см
380 _aX
500 _aОриг. загл. The Vulture is a Partient Bird.
700 1 _aПопов, Иван
_eпрев. от англ.
_9364578
852 _aЦб 169471
_bЦб
856 4 _qpdf
_i0.00
_ldisable
856 4 _qpdf
_i0.00
_ldisable
942 _cKNG
_n0
_s1
944 _aCR
_c23.02.2017
_kКети_Илиева
944 _aED
_c23.02.2017
_kКети_Илиева
999 _d192540